<?xml version="1.0" encoding="UTF-8"?><record xmlns="http://www.loc.gov/MARC21/slim" xmlns:zs="http://docs.oasis-open.org/ns/search-ws/sruResponse">
  <leader>02886cmm a2200421 a 4500</leader>
  <controlfield tag="001">12033123</controlfield>
  <controlfield tag="005">20250606182219.4</controlfield>
  <controlfield tag="007">cr |||||||||||</controlfield>
  <controlfield tag="008">980930m19969999dcu    go  c f      eng  </controlfield>
  <datafield ind1=" " ind2=" " tag="035">
    <subfield code="a">12033123</subfield>
  </datafield>
  <datafield ind1=" " ind2=" " tag="906">
    <subfield code="a">7</subfield>
    <subfield code="b">cbc</subfield>
    <subfield code="c">copycat</subfield>
    <subfield code="d">2</subfield>
    <subfield code="e">ncip</subfield>
    <subfield code="f">20</subfield>
    <subfield code="g">y-gencompf</subfield>
  </datafield>
  <datafield ind1="0" ind2=" " tag="925">
    <subfield code="a">acquire</subfield>
    <subfield code="x">policy default</subfield>
  </datafield>
  <datafield ind1=" " ind2=" " tag="955">
    <subfield code="a">vb23 06-07-00; vb07 08-14-00 to jh00 ASCD; recd. by jb09 09-13-00; jb09 to dewey 09-13-00</subfield>
  </datafield>
  <datafield ind1=" " ind2=" " tag="955">
    <subfield code="a">LCAP batch update 2025-06-01-04:00: LCAPM-1014</subfield>
  </datafield>
  <datafield ind1=" " ind2=" " tag="010">
    <subfield code="a">   00529692 </subfield>
  </datafield>
  <datafield ind1=" " ind2=" " tag="040">
    <subfield code="a">DLC</subfield>
    <subfield code="c">DLC</subfield>
    <subfield code="d">DLC</subfield>
  </datafield>
  <datafield ind1=" " ind2=" " tag="043">
    <subfield code="a">n-us---</subfield>
  </datafield>
  <datafield ind1="0" ind2="0" tag="050">
    <subfield code="a">SB470.53</subfield>
  </datafield>
  <datafield ind1="0" ind2="0" tag="245">
    <subfield code="a">American landscape and architectural design, 1850-1920</subfield>
    <subfield code="h">[electronic resource] :</subfield>
    <subfield code="b">a study collection from the Harvard Graduate School of Design.</subfield>
  </datafield>
  <datafield ind1=" " ind2=" " tag="260">
    <subfield code="a">[Washington, D.C.] :</subfield>
    <subfield code="b">Library of Congress,</subfield>
    <subfield code="c">1999-</subfield>
  </datafield>
  <datafield ind1=" " ind2=" " tag="336">
    <subfield code="a">computer program</subfield>
    <subfield code="b">cop</subfield>
    <subfield code="2">rdacontent</subfield>
  </datafield>
  <datafield ind1=" " ind2=" " tag="337">
    <subfield code="a">computer</subfield>
    <subfield code="b">c</subfield>
    <subfield code="2">rdamedia</subfield>
  </datafield>
  <datafield ind1=" " ind2=" " tag="338">
    <subfield code="a">online resource</subfield>
    <subfield code="b">cr</subfield>
    <subfield code="2">rdacarrier</subfield>
  </datafield>
  <datafield ind1=" " ind2=" " tag="500">
    <subfield code="a">At head of title: The Library of Congress, American Memory.</subfield>
  </datafield>
  <datafield ind1=" " ind2=" " tag="500">
    <subfield code="a">Title from home page as viewed on April 6, 2013.</subfield>
  </datafield>
  <datafield ind1=" " ind2=" " tag="500">
    <subfield code="a">This description is based on the original presentation of the collection on the Library of Congress website, now available only as an archived web site. The presentation on the awardee institution's website may vary.</subfield>
  </datafield>
  <datafield ind1=" " ind2=" " tag="500">
    <subfield code="a">Archived site includes five essays (Boston's emerald necklace,  by F. L. Olmsted; Glacier National Park, 1925,  by M. S. Sager; Harvard University buildings; Lantern slides: history &amp; manufacture; and New York City parks in use, 1912 , by Charles Downing Lay).</subfield>
  </datafield>
  <datafield ind1=" " ind2=" " tag="520">
    <subfield code="a">Contains approximately 2,800 lantern slides of architectural structures and landscapes designed in the US between 1850 and 1920 by prominent landscape architects (including Harvard faculty Frederick Law Olmsted Jr., Bremer W. Pond, and James Sturgis Pray). Offers views of cities, buildings, parks, private estates, and gardens, including a complete history of Boston's Park System. In addition to photographs, views of locations around the country are represented by plans, maps, and models. Original material is housed in the Frances Loeb Library at the Harvard University Graduate School of Design.</subfield>
  </datafield>
  <datafield ind1="8" ind2=" " tag="586">
    <subfield code="a">"1997 LC/Ameritech Competition Awardee Institution: Harvard University Graduate School of Design."</subfield>
  </datafield>
  <datafield ind1=" " ind2="0" tag="650">
    <subfield code="a">Landscape architecture</subfield>
    <subfield code="z">United States</subfield>
    <subfield code="x">History.</subfield>
  </datafield>
  <datafield ind1=" " ind2="0" tag="650">
    <subfield code="a">Landscape design</subfield>
    <subfield code="z">United States</subfield>
    <subfield code="x">History.</subfield>
  </datafield>
  <datafield ind1=" " ind2="0" tag="650">
    <subfield code="a">Architecture</subfield>
    <subfield code="z">United States</subfield>
    <subfield code="x">History.</subfield>
  </datafield>
  <datafield ind1="2" ind2=" " tag="710">
    <subfield code="a">Harvard University.</subfield>
    <subfield code="b">Graduate School of Design.</subfield>
  </datafield>
  <datafield ind1="2" ind2=" " tag="710">
    <subfield code="a">Frances L. Loeb Library.</subfield>
  </datafield>
  <datafield ind1="2" ind2=" " tag="710">
    <subfield code="a">Library of Congress.</subfield>
    <subfield code="b">National Digital Library Program.</subfield>
  </datafield>
  <datafield ind1="4" ind2="0" tag="856">
    <subfield code="3">Awardee institution site</subfield>
    <subfield code="u">http://via.lib.harvard.edu/via/deliver/deepLinkResults?kw1=%22American%20Memory%22</subfield>
  </datafield>
  <datafield ind1="4" ind2="0" tag="856">
    <subfield code="3">Archived site</subfield>
    <subfield code="u">http://hdl.loc.gov/loc.gdc/collgdc.gc000021</subfield>
  </datafield>
  <datafield ind1=" " ind2=" " tag="985">
    <subfield code="a">collpull</subfield>
    <subfield code="e">ammem</subfield>
  </datafield>
</record>
